000 00569nam a2200241 a 4500
001 nice12345678
003 IN_TiNIC
005 20260116011857.0
008 070710s0000 sada grp 000 0 urd
020 _a
_c100
082 0 0 _a297.65
_bMOH
100 _aMohsin, Syed Muhammad
245 _aKhilafat-E-awwal
260 _aSadhura
_bNo Publisher
_c0000
300 _a169p
500 _aincludes index and biblioraphy
650 _aCaliphate
650 _aAbu Bakr
700 1 _aMohsin, Syed Muhammad
902 _bSRS
942 _cBK
999 _c4648
_d4648